Taxonomy and behavioral science : comparative performance of grouping methods
Αποθηκεύτηκε σε:
| Κύριος συγγραφέας: | |
|---|---|
| Άλλοι συγγραφείς: | |
| Μορφή: | Βιβλίο |
| Γλώσσα: | English |
| Δημοσίευση: |
London :
Academic,
1980
|
| Σειρά: | Quantitative studies in social relations
|
| Θέματα: | |
| Ετικέτες: |
Προσθήκη ετικέτας
Δεν υπάρχουν, Καταχωρήστε ετικέτα πρώτοι!
|
MARC
| LEADER | 00000cam a2200000 i 4500 | ||
|---|---|---|---|
| 001 | 1/65369 | ||
| 008 | 931008s1980 eng d | ||
| 020 | |a 0-12-493340-8 | ||
| 035 | |l 10001544 | ||
| 040 | |a GR-MY-UA |b gre |e aacr | ||
| 041 | 0 | |a eng | |
| 082 | 0 | |a 300.724 | |
| 100 | 1 | |a Mezzich, Juan E. | |
| 245 | 1 | 0 | |a Taxonomy and behavioral science : |b comparative performance of grouping methods / |c Juan E. Mezzich and Herbert Solomon |
| 260 | |a London : |b Academic, |c 1980 | ||
| 300 | |a xiv, 178 p.; |c 24 cm | ||
| 490 | 1 | |a Quantitative studies in social relations | |
| 504 | |a Bibliography: p.170-175. Includes index | ||
| 650 | 0 | 0 | |a Cluster analysis. |
| 650 | 0 | 0 | |a Social sciences |x Statistical methods. |
| 650 | 0 | 0 | |a Psychology |x Statistical methods. |
| 700 | 1 | |a Solomon, Herbert |d 1919- | |
| 830 | 0 | |a Quantitative studies in social relations | |
| 852 | |a INST |b LESVOS |e 19931008 |h 300.724 MEZ |p 005100010793 |q 005100010793 |t BK |y 0 | ||
| 909 | |a Λ |b 021686 | ||